00864nam a2200277 450000100060000001000180000602100180002409000100004210000410005210100080009310200070010120000620010820500120017021000300018221500330021222500190024560600350026460600190029967500180031870000280033670100330036480100160039785600840041399000110049799500780050832332 a9789898086853 aPTb399778/15 a32332 a20160310d2015 bc y0pory50030103ba0 apor aPT1 aMaria do medofRita Castanheira Alvesgil. Carla Nazareth a1<ª ed aAmadoracBooksmile,d2015 a37, [1] p.cmuito il.d23 cm2 aEmoçõesv2 aEmoçõesxSentimentos93051 92402aInfantil a1:087.592933 1aAlvesbRita Castanheira 1aNazarébCarla,f1975-4440 0aPTbBNgRPC41uhttp://rnod.bn.pt/ImagesBN/winlibimg.aspx?skey=&doc=1924874&img=73998&save=true cLIVROS 0010944950bBMVAdBMVAf0032077k8 ALVm2025-11-24o0rLIVROSu6-10 anos